00516 2200181 4500245005100000020002200051250001200073100002100085700002000106650002000126005001900146260004400165041001400209084000800223300003000231500006400261336000900325 aKetika Mas Gagah PergicHelvy Tiana RosahText a978-602-96725-3-4 aCet. 10 aHelvy Tiana Rosa aTomi Satryatomo aNovel Indonesia a20231005083247 aDepokbAsmaNadia Publishing Housec2015 aIndonesia a813 axiv, 258 hlm. :c20.5 cm. agita selalu bangga pada abangnya yang ia panggil mas gagah. atext